00425nam a2200169Ia 4500008004100000020001500041041001200056082001100068100001400079245007400093250000800167260002500175300000800200650001200208700001500220700002000235221030s9999 xx 000 0 und d a0070151550 aEnglish a105.23 aA. Beiser 0aConcepts Of Modern Physicscby A. Beiser, S. Mahajan, S. R. Choudhary a6th bTMHaNew Delhic2009 a623 aPhysics aS. Mahajan aS. R. Choudhary